Исследование влияния технологических факторов на окусковывание каменноугольной мелочи; Проблемы геологии и освоения недр; Т. 2

Bibliographische Detailangaben
Parent link:Проблемы геологии и освоения недр: труды XVII Международного симпозиума имени академика М. А. Усова студентов и молодых ученых, Томск, 1-5 апреля 2013 г./ Национальный исследовательский Томский политехнический университет (ТПУ), Институт природных ресурсов (ИПР) ; Общество инженеров-нефтяников, Студенческий чаптер ; под ред. А. Ю. Дмитриева.— , 2013
Т. 2.— 2013.— [С. 126-128]
1. Verfasser: Карандашев А. А.
Körperschaft: Национальный исследовательский Томский политехнический университет (ТПУ) Институт природных ресурсов (ИПР) Кафедра химической технологии топлива и химической кибернетики (ХТТ)
Weitere Verfasser: Маслов С. Г. Станислав Григорьевич (научный руководитель)
Zusammenfassung:Заглавие с экрана
Sprache:Russisch
Veröffentlicht: 2013
Schriftenreihe:Современные технологии подготовки освоения и переработки минерального и углеводородного сырья Моделирование процессов переработки углеводородного сырья
Schlagworte:
Online-Zugang:http://www.lib.tpu.ru/fulltext/c/2013/C11/V2/052.pdf
Format: MixedMaterials Elektronisch Buchkapitel
KOHA link:https://koha.lib.tpu.ru/cgi-bin/koha/opac-detail.pl?biblionumber=605003

MARC

LEADER 00000naa2a2200000 4500
001 605003
005 20260220105411.0
035 |a (RuTPU)RU\TPU\conf\2288 
035 |a RU\TPU\conf\2282 
090 |a 605003 
100 |a 20140328d2013 k y0rusy50 ca 
101 0 |a rus 
102 |a RU 
135 |a arnn ---uucaa 
181 0 |a i  
182 0 |a b 
200 1 |a Исследование влияния технологических факторов на окусковывание каменноугольной мелочи  |f А. А. Карандашев  |g науч. рук. С. Г. Маслов 
203 |a Текст  |c электронный 
225 1 |a Современные технологии подготовки освоения и переработки минерального и углеводородного сырья  |v Моделирование процессов переработки углеводородного сырья 
300 |a Заглавие с экрана 
320 |a [Библиогр.: с. 128 (4 назв.)] 
337 |a Adobe Reader 
461 1 |0 (RuTPU)RU\TPU\conf\37  |t Проблемы геологии и освоения недр  |o труды XVII Международного симпозиума имени академика М. А. Усова студентов и молодых ученых, Томск, 1-5 апреля 2013 г.  |o в 2 т.  |f Национальный исследовательский Томский политехнический университет (ТПУ), Институт природных ресурсов (ИПР) ; Общество инженеров-нефтяников, Студенческий чаптер ; под ред. А. Ю. Дмитриева  |d 2013 
463 1 |0 (RuTPU)RU\TPU\conf\39  |t Т. 2  |v [С. 126-128]  |d 2013 
610 1 |a труды учёных ТПУ 
610 1 |a электронный ресурс 
610 1 |a технологические факторы 
610 1 |a окусковывание 
610 1 |a каменноугольная мелочь 
610 1 |a каменный уголь 
700 1 |a Карандашев  |b А. А. 
702 1 |a Маслов  |b С. Г.  |c химик-технолог  |c доцент Томского политехнического университета, кандидат технических наук  |f 1939-  |g Станислав Григорьевич  |4 727 
712 0 2 |a Национальный исследовательский Томский политехнический университет (ТПУ)  |b Институт природных ресурсов (ИПР)  |b Кафедра химической технологии топлива и химической кибернетики (ХТТ)  |3 (RuTPU)RU\TPU\col\18665 
801 2 |a RU  |b 63413507  |c 20230315  |g RCR 
856 4 |u http://www.lib.tpu.ru/fulltext/c/2013/C11/V2/052.pdf 
942 |c CF